|
|
|
|
| LEADER |
01171nam a22002537a 4500 |
| 001 |
AAL7940 |
| 003 |
BD-DhAAL |
| 005 |
20160130172418.0 |
| 008 |
160125s 2010bd ||||| b||| 00| 0 ben d |
| 020 |
|
|
|a 9847012001379
|
| 040 |
|
|
|a BD-DhAAL
|c BD-DhAAL
|
| 082 |
|
|
|a 320.95492
|
| 100 |
|
|
|a রেহমান, তারেক শামসুর
|9 17566
|
| 245 |
|
|
|a বাংলাদেশে গনতন্ত্র /
|c তারেক শামসুর রেহমান
|
| 260 |
|
|
|a ঢাকা :
|b কথাপ্রকাশ,
|c ২০১০.
|
| 300 |
|
|
|a ১৩৬ পৃ. :
|b চিত্র ;
|c ২২ সে.মি.
|
| 504 |
|
|
|6 Includes bibliography
|
| 541 |
|
|
|e 7940
|
| 650 |
|
|
|a Democracy
|z Bangladesh
|9 17567
|
| 651 |
|
|
|a Bangladesh
|x Politics and government
|y 1971
|9 17568
|
| 942 |
|
|
|2 ddc
|c BK
|
| 999 |
|
|
|c 36684
|d 36684
|
| 952 |
|
|
|0 0
|1 0
|2 ddc
|4 0
|6 320_954920000000000_REH
|7 0
|9 57695
|a SCL
|b SCL
|c GEN
|d 2016-01-25
|g 150.00
|l 1
|o 320.95492 REH
|p 3020007940
|r 2023-04-15
|s 2023-04-04
|t 1
|w 2016-01-25
|y BK
|
| 952 |
|
|
|0 0
|1 0
|2 ddc
|4 0
|6 320_954920000000000_REH
|7 0
|9 57784
|a SCL
|b SCL
|c GEN
|d 2016-01-30
|g 150.00
|l 1
|m 1
|o 320.95492 REH
|p 3020007941
|r 2022-12-21
|s 2022-12-07
|t 2
|w 2016-01-30
|y BK
|